00370nam a2200181Ia 4500003000900000008004100009040001300050040001300063041000800076100001700084245002500101250001000126260001600136260000900152300001100161300001000172490000600182IT-RoPAU120407s9999 xx 000 0 und d aIT-RoPAU cIT-RoPAU afra aPierre Biard aLa puissance de Dieu aParis aBloud & Gay c1960 a206 p. c25 cm v1